Statystyki dla Quiz World of tanks

Kliknij tutaj aby rozwiązać quiz!

Ogólne statystyki

  • Ten quiz został rozwiązany 22 razy
  • Średni wynik to 16 z 16

Statystyki odpowiedzi

Czołg Poziom % poprawnych
T-448
100%
Leopard 110
100%
Emil II9
100%
AMD 178B6
100%
Crusader SP7
100%
WZ-111-FT8
100%
M5 Stuart4
100%
Conqueror9
100%
S-517
100%
VK 36.01 H6
100%
STA-18
100%
60TP10
95%
Strv 103-09
90%
T-34/1007
90%
WZ-1328
90%
P.435
90%

Rozkład punktacji

Percentyl według liczby udzielonych odpowiedzi

Procent ludzi z każdym wynikiem

Twoja historia wyników

Nie rozwiązałeś tego quizu